<?xml version="1.0" encoding="UTF-8"?>
<record
    xmlns:xsi="http://www.w3.org/2001/XMLSchema-instance"
    xsi:schemaLocation="http://www.loc.gov/MARC21/slim http://www.loc.gov/standards/marcxml/schema/MARC21slim.xsd"
    xmlns="http://www.loc.gov/MARC21/slim">

  <leader>01730cam a2200481 a 4500</leader>
  <datafield tag="999" ind1=" " ind2=" ">
    <subfield code="c">22967</subfield>
    <subfield code="d">22967</subfield>
  </datafield>
  <controlfield tag="001">vtls011561517</controlfield>
  <controlfield tag="005">20211014111404.0</controlfield>
  <controlfield tag="008">200104s2016    xo o   g      000 jdslo  </controlfield>
  <datafield tag="020" ind1=" " ind2=" ">
    <subfield code="a">9788022207713</subfield>
    <subfield code="q">(viaz.)</subfield>
  </datafield>
  <datafield tag="035" ind1=" " ind2=" ">
    <subfield code="a">urn:nbn:sk:snk-am00cxwh</subfield>
  </datafield>
  <datafield tag="035" ind1=" " ind2=" ">
    <subfield code="a">urn:nbn:sk:snk-am3hewh</subfield>
  </datafield>
  <datafield tag="035" ind1=" " ind2=" ">
    <subfield code="a">658B7D5C-5E7A-4868-B75F-39C4C18476CF</subfield>
  </datafield>
  <datafield tag="040" ind1=" " ind2=" ">
    <subfield code="a">ZKSE</subfield>
    <subfield code="b">slo</subfield>
    <subfield code="c">ZKSE</subfield>
    <subfield code="d">POKPOH</subfield>
    <subfield code="d">SNK</subfield>
    <subfield code="e">AACR2</subfield>
  </datafield>
  <datafield tag="041" ind1="1" ind2=" ">
    <subfield code="a">slo</subfield>
    <subfield code="h">eng</subfield>
  </datafield>
  <datafield tag="044" ind1=" " ind2=" ">
    <subfield code="a">xo</subfield>
    <subfield code="c">SK</subfield>
  </datafield>
  <datafield tag="072" ind1=" " ind2="7">
    <subfield code="a">821.111(73)-3</subfield>
    <subfield code="x">Americk&#xE1; pr&#xF3;za</subfield>
    <subfield code="2">konspekt</subfield>
  </datafield>
  <datafield tag="072" ind1=" " ind2="7">
    <subfield code="a">133</subfield>
    <subfield code="x">Ezoterizmus. Okultizmus</subfield>
    <subfield code="2">konspekt</subfield>
  </datafield>
  <datafield tag="080" ind1=" " ind2=" ">
    <subfield code="a">821.111(73)-32</subfield>
    <subfield code="2">2011</subfield>
  </datafield>
  <datafield tag="080" ind1=" " ind2=" ">
    <subfield code="a">(0:82-322.6)</subfield>
    <subfield code="2">2011</subfield>
  </datafield>
  <datafield tag="080" ind1=" " ind2=" ">
    <subfield code="a">616-036.884</subfield>
    <subfield code="2">2001</subfield>
  </datafield>
  <datafield tag="080" ind1=" " ind2=" ">
    <subfield code="a">133.3</subfield>
    <subfield code="2">2011</subfield>
  </datafield>
  <datafield tag="100" ind1="1" ind2=" ">
    <subfield code="a">Arnold, Stephanie</subfield>
    <subfield code="9">2143</subfield>
  </datafield>
  <datafield tag="240" ind1="1" ind2="0">
    <subfield code="a">37 seconds</subfield>
    <subfield code="l">Slovensky</subfield>
  </datafield>
  <datafield tag="245" ind1="1" ind2="0">
    <subfield code="a">37 sek&#xFA;nd</subfield>
    <subfield code="b">zomieranie odhalilo pomoc z neba</subfield>
    <subfield code="c">Stephanie Arnoldov&#xE1; a Sari Padorrov&#xE1;; [z anglick&#xE9;ho origin&#xE1;lu prelo&#x17E;ila M&#xE1;ria Ko&#x10D;anov&#xE1; ]</subfield>
  </datafield>
  <datafield tag="246" ind1="3" ind2=" ">
    <subfield code="a">Tridsa&#x165;sedem sek&#xFA;nd</subfield>
  </datafield>
  <datafield tag="250" ind1=" " ind2=" ">
    <subfield code="a">1. vyd.</subfield>
  </datafield>
  <datafield tag="260" ind1=" " ind2=" ">
    <subfield code="a">Bratislava</subfield>
    <subfield code="b">Tatran</subfield>
    <subfield code="c">2016</subfield>
  </datafield>
  <datafield tag="300" ind1=" " ind2=" ">
    <subfield code="a">183 s.</subfield>
    <subfield code="b">fotogr.</subfield>
    <subfield code="c">21 cm</subfield>
  </datafield>
  <datafield tag="490" ind1="1" ind2=" ">
    <subfield code="a">LUK - Kni&#x17E;nica svetov&#xFD;ch bestsellerov</subfield>
    <subfield code="v">zv. 132</subfield>
  </datafield>
  <datafield tag="650" ind1="0" ind2="7">
    <subfield code="a">klinick&#xE1; smr&#x165;</subfield>
    <subfield code="2">SNKPH</subfield>
    <subfield code="9">2144</subfield>
  </datafield>
  <datafield tag="650" ind1="0" ind2="7">
    <subfield code="a">Clinical death</subfield>
    <subfield code="2">SNKPHeng</subfield>
    <subfield code="9">2145</subfield>
  </datafield>
  <datafield tag="650" ind1="0" ind2="7">
    <subfield code="a">mimozmyslov&#xE9; vn&#xED;manie</subfield>
    <subfield code="2">SNKPH</subfield>
    <subfield code="9">2146</subfield>
  </datafield>
  <datafield tag="650" ind1="0" ind2="7">
    <subfield code="a">Extrasensual perception</subfield>
    <subfield code="2">SNKPHeng</subfield>
    <subfield code="9">2147</subfield>
  </datafield>
  <datafield tag="655" ind1=" " ind2="7">
    <subfield code="a">americk&#xE9; pr&#xED;behy</subfield>
    <subfield code="2">SNKPH</subfield>
    <subfield code="9">1906</subfield>
  </datafield>
  <datafield tag="655" ind1=" " ind2="7">
    <subfield code="a">American stories</subfield>
    <subfield code="2">SNKPHeng</subfield>
    <subfield code="9">1907</subfield>
  </datafield>
  <datafield tag="655" ind1=" " ind2=" ">
    <subfield code="a">Autobiographical stories</subfield>
    <subfield code="2">SNKPHeng</subfield>
    <subfield code="9">2148</subfield>
  </datafield>
  <datafield tag="655" ind1=" " ind2="7">
    <subfield code="a">autobiografick&#xE9; pr&#xED;behy</subfield>
    <subfield code="2">SNKPH</subfield>
    <subfield code="9">2149</subfield>
  </datafield>
  <datafield tag="700" ind1="1" ind2=" ">
    <subfield code="a">Padorr, Sari</subfield>
    <subfield code="4">aut</subfield>
    <subfield code="9">2150</subfield>
  </datafield>
  <datafield tag="700" ind1="1" ind2=" ">
    <subfield code="a">Ko&#x10D;anov&#xE1;, M&#xE1;ria,</subfield>
    <subfield code="d">1955-</subfield>
    <subfield code="4">trl</subfield>
    <subfield code="9">2151</subfield>
  </datafield>
  <datafield tag="958" ind1=" " ind2=" ">
    <subfield code="a">LX</subfield>
  </datafield>
  <datafield tag="958" ind1=" " ind2=" ">
    <subfield code="a">UP</subfield>
  </datafield>
  <datafield tag="952" ind1=" " ind2=" ">
    <subfield code="0">0</subfield>
    <subfield code="1">0</subfield>
    <subfield code="2">udc</subfield>
    <subfield code="4">0</subfield>
    <subfield code="7">0</subfield>
    <subfield code="8">K</subfield>
    <subfield code="a">10000</subfield>
    <subfield code="b">10000</subfield>
    <subfield code="d">2021-10-14</subfield>
    <subfield code="g">3.00</subfield>
    <subfield code="i">21318</subfield>
    <subfield code="l">2</subfield>
    <subfield code="o">I1874</subfield>
    <subfield code="p">I1874</subfield>
    <subfield code="r">2026-04-22</subfield>
    <subfield code="s">2026-03-09</subfield>
    <subfield code="w">2021-10-14</subfield>
    <subfield code="y">OLDO</subfield>
  </datafield>
</record>
